Ngữ văn 10 Sách giáo viên T.1
v.v...
Đã lưu trong:
| Tác giả chính: | |
|---|---|
| Định dạng: | Sách |
| Năm xuất bản: |
H.
Giáo dục
2006
|
| Chủ đề: | |
| Tags: |
Thêm thẻ
Không có thẻ, Hãy là người đầu tiên gắn thẻ bản ghi này!
|
| LEADER | 00817nam a2200193 4500 | ||
|---|---|---|---|
| 082 | |a 807.1 |b NG550v. | ||
| 100 | |a Phan Trọng Luận | ||
| 245 | |a Ngữ văn 10 |c Phan Trọng Luận, Lã Nhâm Thìn, Bùi Minh Toán,... |n T.1 |b Sách giáo viên | ||
| 260 | |a H. |b Giáo dục |c 2006 | ||
| 300 | |a 223 tr. |c 24 cm | ||
| 520 | |a v.v... | ||
| 653 | |a Văn học | ||
| 653 | |a Ngữ văn | ||
| 653 | |a lớp 10 | ||
| 653 | |a sách giáo viên | ||
| 942 | |2 ddc |c STK0 | ||
| 999 | |c 9778 |d 9778 | ||
| 952 | |0 0 |1 0 |2 ddc |4 0 |6 807_100000000000000_NG550V |7 0 |8 800 |9 77348 |a qbu |b qbu |c D5 |d 2015-06-11 |g 8600 |l 6 |m 2 |o 807.1 NG550v. |p 9442.c1 |r 2019-12-10 |s 2019-12-06 |w 2015-06-11 |y STK0 | ||
| 952 | |0 0 |1 0 |2 ddc |4 0 |6 807_100000000000000_NG550V |7 0 |8 800 |9 77349 |a qbu |b qbu |c D5 |d 2015-06-11 |g 8600 |l 8 |m 1 |o 807.1 NG550v. |p 9442.c2 |r 2018-11-23 |s 2018-11-21 |w 2015-06-11 |y STK0 | ||